Subdivision capitals closest to Győr (HU) - Statistics

General Stats
  • This quiz has been taken 20 times
  • The average score is 11 of 20
Answer Stats
Distance (km) Answer % Correct
9 108 Budapest
100%
2 65 Bratislava
87%
6 80 Székesfehérvár
87%
8 92 Szombathely
87%
11 111 Wien
87%
1 58 Tatabánya
80%
10 111 Zalaegerszeg
80%
20 179 Graz
73%
3 69 Veszprém
73%
13 149 Kaposvár
60%
5 77 Nitra
47%
19 178 Kecskemét
40%
15 160 Sankt Pölten
40%
16 169 Szekszárd
40%
7 85 Eisenstadt
33%
4 77 Trnava
33%
12 144 Trenčín
27%
14 159 Murska Sobota
20%
18 171 Zlín
13%
17 171 Čakovec
7%
No matching quizzes found
Score Distribution
Percent of People with Each Score
Percentile by Number Answered
Your Score History
You have not taken this quiz